Informačná medicína - využitie informatiky v biorezonančnej medicíne

Salvato in:
Dettagli Bibliografici
Autore principale: Ligás, Martin, 1986- (Autore)
Altri autori: Hantuch, Igor, 1948- (Relatore della tesi)
Natura: Manoscritto Libro
Lingua:slovacco
Pubblicazione: Bratislava : STU v Bratislave FEI, 2011
Soggetti:
Accesso online:VAIS
Tags: Aggiungi Tag
Nessun Tag, puoi essere il primo ad aggiungerne!!

MARC

LEADER 00000ntm a22000003a 4500
001 stu230544
005 20150617230138.6
008 110709s2011----xo------------------slo-d
040 |a STU  |b slo 
041 0 |a slo 
044 |a xo 
100 1 |a Ligás, Martin,  |d 1986-  |4 aut  |u E  |T FEI Fakulta elektrotechniky a informatiky  |X 35462  |U E  |Y 30  |7 A000035462 
242 0 0 |a Information medicine – utilization informatics in bioresonance medicine  |y eng 
245 1 |a Informačná medicína - využitie informatiky v biorezonančnej medicíne 
260 |a Bratislava :  |b STU v Bratislave FEI,  |c 2011 
300 |a 68 s 
650 7 |a robotika  |2 stusub 
650 7 |a robotics  |2 estusub 
650 7 |a medicína  |2 stusub 
650 7 |a biorezonancia  |2 stusub 
700 1 |a Hantuch, Igor,  |d 1948-  |4 ths  |u E1110  |U FEI Ústav robotiky a kybernetiky  |T FEI Automatizácia a regulácia  |X 4943  |U E1110  |Y 57  |7 A000004943 
856 4 |a info a plný text  |u http://is.stuba.sk/zp/portal_zp.pl?podrobnosti=72138  |3 VAIS 
996 |b 284EP09814  |c E*DIPL-9814  |l EE23  |s P  |a 0  |w stu230544_0001